000 00756nam a2200229Ia 4500
003 OSt
005 20251015104957.0
008 220923b |||||||| |||| 00| 0 eng d
020 _a9780415553759
037 _cGeneral Book
040 _aRTL
_cRTL
_beng
041 _2eng
_aeng
084 _aY:3(NS).2, Q0
_qRTL
100 _aChakravorty, Pallabi.
_9289903
245 0 _aDance matters: performing India.
260 _aLondon
_bRoutledge
_c2010
300 _axx, 312 p.
_ccm.
_bIncludes bibliographical references & Index.
650 _aSociology
_9848308
700 _a Gupta, Nilanjana.
_9263071
_eCo author
942 _hY:3(NS).2, Q0
_cGB
_2CC
_n0
999 _c579819
_d579819